SWIMMING/ (Record no. 173513)

MARC details
000 -LEADER
fixed length control field 00654nam a22002297a 4500
003 - CONTROL NUMBER IDENTIFIER
control field dpl
005 - DATE AND TIME OF LATEST TRANSACTION
control field 20200229125151.0
008 - FIXED-LENGTH DATA ELEMENTS--GENERAL INFORMATION
fixed length control field 200229b ||||| |||| 00| 0 eng d
010 ## - LIBRARY OF CONGRESS CONTROL NUMBER
LC control number b-34943
020 ## - INTERNATIONAL STANDARD BOOK NUMBER
International Standard Book Number 8175240334
Terms of availability 300.00
035 ## - SYSTEM CONTROL NUMBER
System control number B-34943
040 ## - CATALOGING SOURCE
Original cataloging agency Dpl
Language of cataloging EN
Transcribing agency 0
050 ## - LIBRARY OF CONGRESS CALL NUMBER
Classification number 797.2107
Item number JAI
082 ## - DEWEY DECIMAL CLASSIFICATION NUMBER
Classification number 797.2107
Item number JAI
100 ## - MAIN ENTRY--PERSONAL NAME
Personal name Jain, Deepak
245 ## - TITLE STATEMENT
Title SWIMMING/
Statement of responsibility, etc Deepak jain
Medium EN
246 ## - VARYING FORM OF TITLE
Medium EN
260 ## - PUBLICATION, DISTRIBUTION, ETC. (IMPRINT)
Place of publication, distribution, etc DELHI
Name of publisher, distributor, etc KHEL, SAHITYA KENDRA
Date of publication, distribution, etc 2000
270 ## - ADDRESS
Address WP- 474,First Floor, shivmkt,Ashok vihar
City Delhi
Country India
Postal code 110002
300 ## - PHYSICAL DESCRIPTION
Extent 203 pg
Dimensions 12 cm
942 ## - ADDED ENTRY ELEMENTS (KOHA)
Source of classification or shelving scheme Dewey Decimal Classification
Koha item type English Books
Classification part 797.2107
Item part JAI
Call number prefix 797.2107
Call number suffix JAI
Holdings
Withdrawn status Lost status Source of classification or shelving scheme Damaged status Not for loan Collection code Home library Current library Date acquired Source of acquisition Total Checkouts Full call number Barcode Date last seen Price effective from Koha item type
    Dewey Decimal Classification     Non-fiction Shahdara Branch Shahdara Branch 29/02/2020 BPPD/PUB   797.2107 JAI b-34943 29/02/2020 29/02/2020 English Books

© Delhi Public Library
Hit Counter
free hit counter